000 00291nam a2200133Ia 4500
008 231129s1971||||xx |||||||||||||| ||spa||
040 _bspa
082 _aU813 S165n
100 _aSalinger J.D.
245 0 _aNueve cuentos
260 _c1971
264 _aSudamericana
942 _2ddc
_cBKS
999 _c21891
_d21891